00410nam a2200133Ia 4500008004100000020001600041082001300057100001800070245002800088260000900116942004400125952009200169999001500261250520s9999 xx 000 0 und d a0 333662156 a949.7MAL aNeoel Malcolm 0aBosnia: A short history c1994 h949.7iMALcAD6949_700000000000000_MAL 92764aKFPLbKFPLcENGd2025-05-20l0o949.7MALpKL-2024-000492r2025-05-20 05:01:44yAD c2356d2356